Vista normal
Vista MARC
Entrada Nombre personal
Número de registros utilizados en: 7
001 - NÚMERO DE CONTROL
- Campo de control: 45040
003 - IDENTIFICADOR DE NÚMERO DE CONTROL
- Campo de control: OSt
005 - FECHA Y HORA DE LA ULTIMA MODIFICACION
- Campo de control: 20210416113354.0
008 - ELEMENTOS DE DATOS DE LONGITUD FIJA
- Campo de longitud fija: 210416|| aca||aabn | a|a d
040 ## - FUENTE DE LA CATALOGACIÓN
- Agencia original de catalogación: OSt
100 ## - ENCABEZAMIENTO--NOMBRE DE PERSONA
- Nombre personal: Alvarado Tejada, Nelson Riquelmy
400 ## - TRAZADO VEÁSE--NOMBRE DE PERSONA
- Nombre personal: Alvarado, Riquelmy
670 ## - FUENTE DE DATOS ENCONTRADOS
- Fuente de citación: Planeación territorial turística de la microregión El Bálsamo, La Libertad